| 000 | 00491nam a2200181Ia 4500 | ||
|---|---|---|---|
| 001 | 23019 | ||
| 005 | 20260414150909.0 | ||
| 008 | 260414t2014||||xx |||||||||||||| ||spa|| | ||
| 041 | _aESP | ||
| 082 |
_a624.1762 _bS91 |
||
| 100 |
_aSullivan, Timothy J. _eAUT |
||
| 245 | 0 |
_aCharacterising the seismic behaviour of steel beam-column joints for seismic design _b |
|
| 260 | _c2014 | ||
| 300 |
_axxxii, 387 páginas : _c24 cm. |
||
| 650 | _a0 | ||
| 654 | _aCIC | ||
| 942 |
_cLIB _dJUS _fJUS _2ddc _n |
||
| 999 |
_c23019 _d23019 |
||